00309nam a2200121Ia 4500008004100000082002000041100001900061245003200080250000800112260004300120300000800163650001600171191201s2004 xx 000 0 und d a621.381958bSAD aSalivahanan, S 0aDigital Circuits and Design a2nd aN.DelhibVikas Publication Housec2004 a588 aB.Tech(ECE)